[Event "TCh-FRA Top 16 GpB 2023"]
[Site "Chartres FRA"]
[Date "2023.06.02"]
[Round "2.2"]
[Board "4"]
[White "Lupulescu, Constantin"]
[Black "Picard, Romain"]
[Result "1-0"]
[WhiteTitle "GM"]
[BlackTitle "IM"]
[WhiteElo "2573"]
[BlackElo "2301"]
[WhiteTeam "Grasse Echecs"]
[BlackTeam "Poitiers-Migne Echecs"]
[WhiteFideId "1207822"]
[BlackFideId "627216"]
[EventDate "2023.06.01"]

1. e4 e6 2. d4 d5 3. Nc3 Nf6 4. Bg5 Be7 5. e5 Nfd7 6. Bxe7 Qxe7 7. f4 O-O 8. Nf3
c5 9. Nb5 a6 10. Nd6 cxd4 11. Qxd4 Nc6 12. Qe3 b6 13. O-O-O Nc5 14. Bd3 f6 15.
h4 Bd7 16. h5 fxe5 17. fxe5 Nb4 18. Kb1 Rab8 19. h6 g6 20. a3 Nbxd3 21. cxd3 Nb7
22. Qxb6 Nxd6 23. Qxd6 Qxd6 24. exd6 Rb6 25. Rc1 Rxd6 26. Ne5 Be8 27. Rc7 Rb6
28. Rg7+ Kh8 29. Rc1 Rf2 30. b4 1-0

[Event "TCh-FRA Top 16 GpB 2023"]
[Site "Chartres FRA"]
[Date "2023.06.02"]
[Round "2.2"]
[Board "5"]
[White "Mariette, Lucas"]
[Black "Loiseau, Quentin"]
[Result "1/2-1/2"]
[WhiteTitle "FM"]
[BlackTitle "IM"]
[WhiteElo "2284"]
[BlackElo "2464"]
[WhiteTeam "Poitiers-Migne Echecs"]
[BlackTeam "Grasse Echecs"]
[WhiteFideId "26056526"]
[BlackFideId "665274"]
[EventDate "2023.06.01"]

1. e4 e5 2. Nf3 Nc6 3. Bb5 a6 4. Ba4 Nf6 5. O-O b5 6. Bb3 Bc5 7. c3 d6 8. a4 Rb8
9. Na3 b4 10. Nc4 bxc3 11. dxc3 Be6 12. Ng5 Bg4 13. Qc2 O-O 14. Be3 Nd7 15. Nf3
Bxf3 16. gxf3 Qf6 17. Nd2 Bxe3 18. fxe3 Qg5+ 19. Kf2 Nc5 20. Bc4 Qh4+ 21. Kg1
Qg5+ 22. Kf2 Na5 23. Be2 Qh4+ 24. Kg1 Qg5+ 25. Kf2 Qh4+ 26. Kg1 Qg5+ 1/2-1/2

[Event "TCh-FRA Top 16 GpB 2023"]
[Site "Chartres FRA"]
[Date "2023.06.02"]
[Round "2.2"]
[Board "6"]
[White "Barbot, Pierre1"]
[Black "Saada, Julien"]
[Result "1/2-1/2"]
[WhiteTitle "IM"]
[BlackTitle "FM"]
[WhiteElo "2458"]
[BlackElo "2245"]
[WhiteTeam "Grasse Echecs"]
[BlackTeam "Poitiers-Migne Echecs"]
[WhiteFideId "663727"]
[BlackFideId "625388"]
[EventDate "2023.06.01"]

1. d4 d5 2. c4 e6 3. Nf3 Nf6 4. Nc3 Be7 5. Bg5 O-O 6. e3 h6 7. Bxf6 Bxf6 8. Qd2
dxc4 9. Bxc4 Nd7 10. Ne4 Be7 11. O-O c5 12. Rfd1 cxd4 13. Qxd4 Nb6 14. Bb3 Qxd4
15. Rxd4 Bd7 16. Ne5 Rfd8 17. Rad1 Be8 1/2-1/2

[Event "TCh-FRA Top 16 GpB 2023"]
[Site "Chartres FRA"]
[Date "2023.06.02"]
[Round "2.2"]
[Board "7"]
[White "Lambert, Romain"]
[Black "Sochacki, Christophe"]
[Result "1/2-1/2"]
[BlackTitle "GM"]
[WhiteElo "2201"]
[BlackElo "2450"]
[WhiteTeam "Poitiers-Migne Echecs"]
[BlackTeam "Grasse Echecs"]
[WhiteFideId "658111"]
[BlackFideId "662569"]
[EventDate "2023.06.01"]

1. d4 f5 2. c4 Nf6 3. g3 g6 4. Bg2 Bg7 5. Nf3 O-O 6. Nc3 d6 7. O-O c6 8. b3 e5
9. dxe5 dxe5 10. Ba3 Qxd1 11. Raxd1 Re8 12. e4 f4 13. Rfe1 fxg3 14. hxg3 Bg4 15.
Rd3 Nbd7 16. Red1 Bf8 17. Bxf8 Rxf8 18. b4 a5 19. a3 axb4 20. axb4 Ra3 21. Nd5
cxd5 22. Rxa3 dxe4 23. Rxd7 exf3 24. Rxb7 fxg2 25. Kxg2 e4 26. Raa7 Rd8 27. Rg7+
Kh8 28. Rgf7 Bf3+ 29. Kh3 Rd1 30. Rf8+ Ng8 31. g4 g5 32. Raa8 Rh1+ 33. Kg3 Rg1+ 1/2-1/2

[Event "TCh-FRA Top 16 GpB 2023"]
[Site "Chartres FRA"]
[Date "2023.06.02"]
[Round "2.2"]
[Board "8"]
[White "Milliet, Sophie"]
[Black "Leriche, Ines"]
[Result "1-0"]
[WhiteTitle "IM"]
[WhiteElo "2384"]
[BlackElo "1917"]
[WhiteTeam "Grasse Echecs"]
[BlackTeam "Poitiers-Migne Echecs"]
[WhiteFideId "623725"]
[BlackFideId "684090"]
[EventDate "2023.06.01"]

1. d4 d5 2. c4 e6 3. Nf3 Nf6 4. g3 Bb4+ 5. Bd2 Be7 6. Bg2 O-O 7. O-O c6 8. Qc2
b6 9. Ne5 Bb7 10. cxd5 cxd5 11. Rc1 Nbd7 12. Nc6 Bxc6 13. Qxc6 Rc8 14. Qa4 Rxc1+
15. Bxc1 Qa8 16. Nc3 a6 17. Bf4 Rc8 18. Qd1 Nh5 19. Bd2 Nhf6 20. e3 Rc4 21. Bf1
Rc8 22. Rc1 Qb7 23. a4 Nb8 24. Bd3 Nc6 25. Na2 a5 26. Qe2 Nb4 27. Rxc8+ Qxc8 28.
Nxb4 Bxb4 29. Bxb4 axb4 30. Qd2 Qf8 31. Qc2 g6 32. Qc7 Qa8 33. b3 Qa5 34. Qb8+
Kg7 35. Qe5 Qa8 36. g4 h6 37. h4 Qc8 38. g5 hxg5 39. hxg5 Qc3 40. gxf6+ Kg8 41.
Qb8+ 1-0

[Event "TCh-FRA Top 16 GpB 2023"]
[Site "Chartres FRA"]
[Date "2023.06.02"]
[Round "2.3"]
[Board "1"]
[White "Cheng, Bobby"]
[Black "Nihal, Sarin"]
[Result "1/2-1/2"]
[WhiteTitle "GM"]
[BlackTitle "GM"]
[WhiteElo "2560"]
[BlackElo "2681"]
[WhiteTeam "THF - St Quentin"]
[BlackTeam "Mulhouse Philidor"]
[WhiteFideId "4300033"]
[BlackFideId "25092340"]
[EventDate "2023.06.01"]

1. d4 Nf6 2. c4 e6 3. g3 d5 4. Bg2 Bb4+ 5. Bd2 Be7 6. Nf3 O-O 7. O-O c6 8. Bf4
dxc4 9. Ne5 Nd5 10. Nxc4 Nxf4 11. gxf4 Nd7 12. e3 Nb6 13. Nbd2 Nd5 14. Rc1 f6
15. Ne4 b6 16. a3 Kh8 17. Kh1 Bd7 18. Rg1 Be8 19. Bh3 Bf7 20. Rg3 c5 21. dxc5
bxc5 22. Qe2 Qc7 23. Rgg1 a5 24. Bg2 Rab8 25. Ned2 a4 26. Be4 Rfd8 27. Rc2 g6
28. Qf1 f5 29. Bg2 Be8 30. Nf3 Bb5 31. Qc1 Bxc4 32. Rxc4 Bf6 33. Rxc5 Qb7 34.
Ne5 1/2-1/2

[Event "TCh-FRA Top 16 GpB 2023"]
[Site "Chartres FRA"]
[Date "2023.06.02"]
[Round "2.3"]
[Board "2"]
[White "Mendonca, Leon Luke"]
[Black "Kulaots, Kaido"]
[Result "1-0"]
[WhiteTitle "GM"]
[BlackTitle "GM"]
[WhiteElo "2623"]
[BlackElo "2509"]
[WhiteTeam "Mulhouse Philidor"]
[BlackTeam "THF - St Quentin"]
[WhiteFideId "35028561"]
[BlackFideId "4500261"]
[EventDate "2023.06.01"]

1. d4 Nf6 2. Nf3 g6 3. e3 Bg7 4. Be2 c5 5. O-O O-O 6. dxc5 Qa5 7. c4 Qxc5 8. Nc3
d6 9. e4 Bg4 10. Be3 Qa5 11. a3 Nc6 12. b4 Qd8 13. Rc1 Nd7 14. h3 Bxf3 15. Bxf3
a5 16. b5 Nce5 17. Be2 Nc5 18. Bxc5 dxc5 19. f4 Nd7 20. e5 Nb6 21. Ne4 Qc7 22.
Qb3 Rfd8 23. Rcd1 Rxd1 24. Rxd1 Rd8 25. Rxd8+ Qxd8 26. Qe3 Nd7 27. Qd2 Qc7 28.
Qd5 e6 29. Qd6 Qxd6 30. Nxd6 b6 31. Kf2 f6 32. Bf3 fxe5 33. Bc6 Nb8 34. Nc8 exf4
35. Nxb6 Kf7 36. Kf3 g5 37. Nd7 Nxd7 38. Bxd7 Ke7 39. Bc6 Kd6 40. Kg4 Bf6 41.
Be4 Kc7 42. Bxh7 Be7 43. a4 Bd8 44. Kh5 Kb6 45. Kg6 Kc7 46. Kf7 Kb6 47. Be4 Kc7
48. Ke8 Bf6 49. Bf3 Bd4 50. Ke7 Kb6 1-0

[Event "TCh-FRA Top 16 GpB 2023"]
[Site "Chartres FRA"]
[Date "2023.06.02"]
[Round "2.3"]
[Board "3"]
[White "Godart, Francois"]
[Black "Narayanan, S.L."]
[Result "0-1"]
[WhiteTitle "IM"]
[BlackTitle "GM"]
[WhiteElo "2387"]
[BlackElo "2657"]
[WhiteTeam "THF - St Quentin"]
[BlackTeam "Mulhouse Philidor"]
[WhiteFideId "208078"]
[BlackFideId "5058422"]
[EventDate "2023.06.01"]

1. e4 e5 2. Nf3 Nc6 3. d4 exd4 4. Bc4 Bc5 5. Ng5 Nh6 6. Nxf7 Nxf7 7. Bxf7+ Kxf7
8. Qh5+ g6 9. Qxc5 d5 10. O-O dxe4 11. c3 Re8 12. cxd4 Qxd4 13. Qg5 Qe5 14. Qh6
Qg7 15. Nc3 Qxh6 16. Bxh6 Bf5 17. h3 Nd4 18. Rae1 g5 19. Bxg5 Rg8 20. Nxe4 h6
21. Bxh6 Nf3+ 22. Kh1 Nxe1 23. Rxe1 Rae8 24. f3 Rh8 25. Bf4 Bxe4 26. fxe4 Rh4
27. Rf1 Kg6 28. Bxc7 Rhxe4 29. Rf3 Re2 30. Rb3 b6 31. Bd6 Kf5 32. Rb5+ Ke6 33.
Bf4 Rg8 34. Bg5 Rc8 35. Bf4 Rc4 36. Bb8 Rc5 37. Rb3 Rc1+ 38. Kh2 Rcc2 39. Rg3 a5
40. b3 Rxa2 41. h4 Re4 42. Kh3 Ra1 43. Rg6+ Kf7 44. Rxb6 Rh1+ 45. Kg3 Rhxh4 46.
Ra6 Reg4+ 47. Kf2 Rh5 48. Bc7 Rf5+ 49. Ke3 Rgg5 50. g3 Rb5 51. Ke2 Rgc5 52. Bb6
Rd5 0-1

[Event "TCh-FRA Top 16 GpB 2023"]
[Site "Chartres FRA"]
[Date "2023.06.02"]
[Round "2.3"]
[Board "4"]
[White "Sokolov, Andrei1"]
[Black "Chabanon, Jean-Luc"]
[Result "1/2-1/2"]
[WhiteTitle "GM"]
[BlackTitle "GM"]
[WhiteElo "2464"]
[BlackElo "2435"]
[WhiteTeam "Mulhouse Philidor"]
[BlackTeam "THF - St Quentin"]
[WhiteFideId "627089"]
[BlackFideId "600075"]
[EventDate "2023.06.01"]

1. e4 e5 2. Nf3 Nc6 3. Bb5 a6 4. Ba4 Nf6 5. d3 d6 6. c3 Be7 7. Nbd2 O-O 8. Nf1
b5 9. Bc2 d5 10. Qe2 d4 11. Ng3 dxc3 12. bxc3 b4 13. Ba4 Qd6 14. O-O bxc3 15.
Bxc6 Qxc6 16. Qc2 Bd6 1/2-1/2

[Event "TCh-FRA Top 16 GpB 2023"]
[Site "Chartres FRA"]
[Date "2023.06.02"]
[Round "2.3"]
[Board "5"]
[White "Marcelin, Cyril"]
[Black "Terrieux, Kevin"]
[Result "1/2-1/2"]
[WhiteTitle "GM"]
[BlackTitle "IM"]
[WhiteElo "2443"]
[BlackElo "2446"]
[WhiteTeam "THF - St Quentin"]
[BlackTeam "Mulhouse Philidor"]
[WhiteFideId "607274"]
[BlackFideId "622591"]
[EventDate "2023.06.01"]

1. d4 d5 2. Nf3 Nf6 3. c3 c5 4. dxc5 e6 5. Be3 a5 6. c4 Na6 7. Nc3 Bxc5 8. Bxc5
Nxc5 9. Qd4 b6 10. cxd5 exd5 11. e3 O-O 12. Be2 Bb7 13. O-O Qe7 14. Rfd1 Rfd8
15. Rac1 Rac8 16. Qe5 Qxe5 17. Nxe5 Kf8 18. Bb5 Nfe4 19. Na4 Nxa4 20. Bxa4 Rxc1
21. Rxc1 Nc5 22. Bb5 Ke7 23. Nf3 Ne6 1/2-1/2

[Event "TCh-FRA Top 16 GpB 2023"]
[Site "Chartres FRA"]
[Date "2023.06.02"]
[Round "2.3"]
[Board "6"]
[White "Riff, Jean-Noel"]
[Black "Heinz, Timothee"]
[Result "1/2-1/2"]
[WhiteTitle "GM"]
[BlackTitle "FM"]
[WhiteElo "2401"]
[BlackElo "2367"]
[WhiteTeam "Mulhouse Philidor"]
[BlackTeam "THF - St Quentin"]
[WhiteFideId "611190"]
[BlackFideId "623369"]
[EventDate "2023.06.01"]

1. e4 e5 2. Nf3 Nc6 3. Bb5 Nf6 4. Nc3 Bb4 5. O-O O-O 6. d3 d6 7. Ne2 Ne7 8. c3
Bc5 9. d4 Bb6 10. Ng3 c6 11. Bd3 Ng6 12. h3 Re8 13. Re1 h6 14. Be3 Be6 15. Qd2
Qc7 16. Bc2 Rad8 17. Rad1 Bc8 18. Qc1 a5 19. a3 Be6 20. b3 Ba7 21. c4 b5 22.
cxb5 cxb5 23. Qb2 Rc8 24. Bd3 Qc3 25. Qxc3 Rxc3 26. Bxb5 Rb8 27. a4 Rxb3 28. Rc1 1/2-1/2

[Event "TCh-FRA Top 16 GpB 2023"]
[Site "Chartres FRA"]
[Date "2023.06.02"]
[Round "2.3"]
[Board "7"]
[White "Dionisi, Thomas"]
[Black "Burri, Quentin"]
[Result "1/2-1/2"]
[WhiteTitle "IM"]
[BlackTitle "IM"]
[WhiteElo "2395"]
[BlackElo "2403"]
[WhiteTeam "THF - St Quentin"]
[BlackTeam "Mulhouse Philidor"]
[WhiteFideId "651893"]
[BlackFideId "26028654"]
[EventDate "2023.06.01"]

1. e4 c5 2. Nf3 d6 3. d4 cxd4 4. Nxd4 Nf6 5. Nc3 Nc6 6. Bg5 e6 7. Qd3 Be7 8.
O-O-O O-O 9. h4 h6 10. f4 Nxd4 11. Qxd4 hxg5 12. hxg5 Ng4 13. Qd2 e5 14. g3 g6
15. Rh4 Kg7 16. Be2 Rh8 17. Rxg4 Bxg4 18. Bxg4 a5 19. Nd5 b5 20. Kb1 b4 21. Rf1
Rb8 22. Qf2 Rb7 23. Be2 Rf8 24. Ba6 Rb8 25. Bc4 Rc8 26. b3 Rc5 27. Rh1 Rh8 28.
Rxh8 Kxh8 29. fxe5 dxe5 30. Qxf7 Bxg5 31. Qxg6 Rc7 32. Qf5 Rg7 33. Qxe5 Qf8 34.
Bd3 Qf3 35. Nf4 Qh1+ 36. Kb2 Qh6 37. Qc5 Be7 38. Qxa5 Rxg3 39. Qf5 Rg5 40. Qc8+
Rg8 41. Qe6 Qf6+ 42. Qxf6+ Bxf6+ 43. c3 Bxc3+ 44. Kc2 Be5 45. Nd5 Rb8 46. Bc4
Kg7 47. Kd3 Kf8 1/2-1/2

[Event "TCh-FRA Top 16 GpB 2023"]
[Site "Chartres FRA"]
[Date "2023.06.02"]
[Round "2.3"]
[Board "8"]
[White "Navrotescu, Andreea"]
[Black "Monpeurt, Cyrielle"]
[Result "1-0"]
[WhiteTitle "WGM"]
[BlackTitle "WFM"]
[WhiteElo "2194"]
[BlackElo "2147"]
[WhiteTeam "Mulhouse Philidor"]
[BlackTeam "THF - St Quentin"]
[WhiteFideId "675946"]
[BlackFideId "677400"]
[EventDate "2023.06.01"]

1. c4 Nf6 2. Nc3 g6 3. e4 d6 4. d4 Bg7 5. Be2 O-O 6. Nf3 Nbd7 7. Be3 e5 8. O-O
Qe7 9. Qc2 c6 10. Rfe1 exd4 11. Nxd4 Nc5 12. Bf3 Re8 13. b4 Ncd7 14. h3 Ne5 15.
Be2 Ned7 16. Bf1 Nh5 17. Rad1 Be5 18. g3 Nf8 19. Nf3 Bg7 20. Bg5 f6 21. Bc1 Ne6
22. Qd2 Rd8 23. g4 Nhf4 24. Nd5 cxd5 25. exd5 g5 26. dxe6 Bxe6 27. Nd4 Qf7 28.
Nxe6 Nxe6 29. Bg2 Nf4 30. Qxf4 gxf4 31. Bd5 Rac8 32. Re7 Qxd5 33. cxd5 Rc2 34.
Bxf4 Rc4 35. Be3 Rxb4 36. Rc1 Bf8 37. Re6 Rb5 38. Rc7 Rxd5 39. Rxf6 Rd1+ 40. Kg2
d5 41. Rff7 h6 42. Bf4 Re1 43. Rxb7 a6 44. Kf3 d4 45. Rf6 d3 46. Rg6+ Kh8 47.
Bd2 Re7 48. Rxe7 Bxe7 49. Bc3+ 1-0

[Event "TCh-FRA Top 16 GpB 2023"]
[Site "Chartres FRA"]
[Date "2023.06.02"]
[Round "2.4"]
[Board "1"]
[White "Laurent-Paoli, Pierre"]
[Black "Esipenko, Andrey"]
[Result "0-1"]
[WhiteTitle "IM"]
[BlackTitle "GM"]
[WhiteElo "2552"]
[BlackElo "2682"]
[WhiteTeam "Marseille Echecs"]
[BlackTeam "Asnieres Le Grand Echiquier"]
[WhiteFideId "26017962"]
[BlackFideId "24175439"]
[EventDate "2023.06.01"]

1. e4 e5 2. Nf3 Nc6 3. d4 exd4 4. Nxd4 Bc5 5. Nb3 Bb6 6. Qe2 a5 7. a4 Nge7 8.
Nc3 O-O 9. Bg5 f6 10. Be3 Bxe3 11. Qxe3 f5 12. O-O-O fxe4 13. Qxe4 d6 14. f4 Kh8
15. g3 d5 16. Nxd5 Bf5 17. Qf3 Nxd5 18. Rxd5 Qe8 19. Bd3 Bxd3 20. cxd3 Nb4 21.
Rb5 Qf7 22. Nxa5 c5 23. Nc4 Rxa4 24. Rxc5 Nxd3+ 25. Qxd3 Ra1+ 26. Kc2 Rxh1 27.
h4 Qe8 28. Kb3 Ra1 29. Na3 Re1 30. Nc4 Ra1 31. Na3 Rg1 32. Nc4 Qf7 33. Kb4 Qe7
34. Kb5 Qe8+ 35. Kb4 Qe1+ 36. Qc3 Qxc3+ 37. bxc3 Rxg3 38. f5 Rg4 39. Kb5 Rxh4
40. Nd6 Rh1 41. Rc7 h5 42. Kc5 Rd1 0-1

[Event "TCh-FRA Top 16 GpB 2023"]
[Site "Chartres FRA"]
[Date "2023.06.02"]
[Round "2.4"]
[Board "2"]
[White "Oparin, Grigoriy"]
[Black "Espinosa Aranda, Angel"]
[Result "1/2-1/2"]
[WhiteTitle "GM"]
[BlackTitle "IM"]
[WhiteElo "2687"]
[BlackElo "2442"]
[WhiteTeam "Asnieres Le Grand Echiquier"]
[BlackTeam "Marseille Echecs"]
[WhiteFideId "24125890"]
[BlackFideId "2278189"]
[EventDate "2023.06.01"]

1. d4 Nf6 2. c4 e6 3. Nc3 Bb4 4. Nf3 b6 5. e3 Bb7 6. Bd3 O-O 7. O-O c5 8. Re1 d6
9. Bd2 Nbd7 10. Qe2 Bxc3 11. Bxc3 Ne4 12. Bxe4 Bxe4 13. Rad1 Qe7 14. Nd2 Bb7 15.
e4 cxd4 16. Bxd4 Rac8 17. f3 Rfd8 18. Nb1 Nf8 19. Nc3 Ng6 20. b3 Bc6 21. Qb2 Qg5
22. Be3 Qf6 23. Re2 Rd7 24. Qd2 h6 25. Qe1 Rcd8 26. Bd4 Qg5 27. Qg3 d5 28. cxd5
exd5 29. e5 Re8 30. Re3 Rde7 31. Rde1 Nf4 32. Ne2 Nxe2+ 33. R1xe2 Qxg3 34. hxg3
Bb5 35. Rd2 f6 36. f4 fxe5 37. Bxe5 Rd7 38. a4 Ba6 39. Kf2 d4 40. Rxd4 Rxd4 41.
Bxd4 Rxe3 42. Kxe3 Bb7 43. Kd3 Bd5 44. Kc3 Kf7 45. b4 g6 46. b5 Ke6 47. Be5 h5
48. Kb4 Kd7 49. a5 bxa5+ 50. Kxa5 Kc8 51. Ka6 Bxg2 52. Kxa7 Be4 1/2-1/2

[Event "TCh-FRA Top 16 GpB 2023"]
[Site "Chartres FRA"]
[Date "2023.06.02"]
[Round "2.4"]
[Board "3"]
[White "Lamaze, Simon"]
[Black "Moussard, Jules"]
[Result "0-1"]
[WhiteTitle "FM"]
[BlackTitle "GM"]
[WhiteElo "2377"]
[BlackElo "2655"]
[WhiteTeam "Marseille Echecs"]
[BlackTeam "Asnieres Le Grand Echiquier"]
[WhiteFideId "36069264"]
[BlackFideId "642908"]
[EventDate "2023.06.01"]

1. e4 c5 2. Nf3 e6 3. d4 cxd4 4. Nxd4 Nf6 5. Nc3 d6 6. g4 a6 7. g5 Nfd7 8. Be3
b5 9. a3 Bb7 10. h4 Nb6 11. Qg4 N8d7 12. f4 Rc8 13. Bd3 Nc4 14. Bxc4 Rxc4 15. f5
e5 16. Nde2 d5 17. O-O-O d4 18. Nxd4 Qb6 19. Nce2 exd4 20. Bxd4 Bc5 21. c3 Bxd4
22. Nxd4 O-O 23. f6 Nc5 24. fxg7 Re8 25. Rhe1 Bxe4 26. Re3 Nb3+ 0-1

[Event "TCh-FRA Top 16 GpB 2023"]
[Site "Chartres FRA"]
[Date "2023.06.02"]
[Round "2.4"]
[Board "4"]
[White "Movsesian, Sergei"]
[Black "Martinez Reyes, Pedro Ramon"]
[Result "1/2-1/2"]
[WhiteTitle "GM"]
[BlackTitle "FM"]
[WhiteElo "2615"]
[BlackElo "2376"]
[WhiteTeam "Asnieres Le Grand Echiquier"]
[BlackTeam "Marseille Echecs"]
[WhiteFideId "310204"]
[BlackFideId "3901807"]
[EventDate "2023.06.01"]

1. e4 e6 2. d4 d5 3. Nd2 c5 4. Ngf3 cxd4 5. Nxd4 Nf6 6. exd5 Nxd5 7. N2f3 Bb4+
8. Bd2 O-O 9. c3 Bc5 10. Qc2 Nd7 11. Bd3 N7f6 12. O-O Bd7 13. Nb3 Bd6 14. Bg5 h6
15. Bh4 Qc7 16. Rad1 Ba4 17. Qd2 Rfd8 18. Bb1 Bf4 19. Qc2 g5 20. Bg3 Rac8 21.
Rfe1 Kg7 22. Rd4 Bc6 23. Nc5 Bd7 24. Rc4 Qb8 25. Ne5 Be8 26. Ncd3 Rxc4 27. Nxc4
Bxg3 28. hxg3 Bb5 29. Nce5 Bxd3 30. Qxd3 Qc7 31. Qe2 a6 32. a3 Qd6 33. Nf3 Ne7
34. Qe3 Ng4 35. Qe4 Nf6 36. Qc2 Nc6 37. Qc1 g4 38. Nh2 Qd2 39. Nf1 Qxc1 40. Rxc1
Ne5 41. Ne3 1/2-1/2

[Event "TCh-FRA Top 16 GpB 2023"]
[Site "Chartres FRA"]
[Date "2023.06.02"]
[Round "2.4"]
[Board "5"]
[White "Bacrot, Alexandre"]
[Black "Cornette, Matthieu"]
[Result "0-1"]
[BlackTitle "GM"]
[WhiteElo "2390"]
[BlackElo "2578"]
[WhiteTeam "Marseille Echecs"]
[BlackTeam "Asnieres Le Grand Echiquier"]
[WhiteFideId "26076837"]
[BlackFideId "620084"]
[EventDate "2023.06.01"]

1. Nf3 Nf6 2. g3 c5 3. Bg2 Nc6 4. O-O e5 5. c4 d5 6. cxd5 Nxd5 7. Nc3 Be6 8. d3
Be7 9. Nxd5 Bxd5 10. Bd2 O-O 11. Bc3 Qd6 12. a4 f5 13. Nd2 Bxg2 14. Kxg2 Kh8 15.
Qb3 Rab8 16. Rad1 Nd4 17. Bxd4 exd4 18. Rc1 Bg5 19. f4 Bf6 20. Qb5 b6 21. b4 Qe6
22. Rf2 g5 23. bxc5 bxc5 24. Qc4 Qc6+ 25. Kg1 gxf4 26. Qxc5 Qe6 27. Qc4 Qe7 28.
Qc5 fxg3 29. hxg3 Qg7 30. Nf1 Be5 31. Rg2 Rb6 32. Qd5 Rg6 33. Rc6 Rg5 34. Qf3
Rg8 35. Kf2 Rg4 36. Qxf5 Bxg3+ 37. Nxg3 Rxg3 38. Rh2 Rh3 39. Rxh3 Qg1+ 40. Kf3
Qe3# 0-1

[Event "TCh-FRA Top 16 GpB 2023"]
[Site "Chartres FRA"]
[Date "2023.06.02"]
[Round "2.4"]
[Board "6"]
[White "Degraeve, Jean-Marc"]
[Black "Rottenwohrer Suarez, Juan"]
[Result "1-0"]
[WhiteTitle "GM"]
[BlackTitle "FM"]
[WhiteElo "2463"]
[BlackElo "2265"]
[WhiteTeam "Asnieres Le Grand Echiquier"]
[BlackTeam "Marseille Echecs"]
[WhiteFideId "600270"]
[BlackFideId "32068182"]
[EventDate "2023.06.01"]

1. e4 c5 2. Nf3 g6 3. c3 d5 4. e5 Bg4 5. d4 Nc6 6. Bb5 Qb6 7. Bxc6+ Qxc6 8. O-O
Nh6 9. Nbd2 cxd4 10. cxd4 Bg7 11. Re1 O-O 12. h3 Bf5 13. Nf1 f6 14. Bf4 Qc2 15.
Qxc2 Bxc2 16. Ne3 Be4 17. Nd2 Nf5 18. Nxe4 dxe4 19. Nxf5 gxf5 20. e6 Rfd8 21.
Red1 Rd5 22. Rac1 Bf8 23. Rc7 b6 24. Kf1 Rad8 25. Rxa7 Rxd4 26. Rxd4 Rxd4 27.
Rb7 Ra4 28. a3 Ra6 29. Be3 b5 30. Rxb5 Rxe6 31. Rxf5 Rd6 32. Ke2 e5 33. g4 Rc6
34. Kd2 Be7 35. g5 Kg7 36. gxf6+ Bxf6 37. Bg5 Bxg5+ 38. Rxg5+ Kf6 39. Rg3 Rd6+
40. Kc2 Ke6 41. b4 Kd5 42. Kd2 Rf6 43. Ke2 Kd4 44. b5 Kc4 45. Rg5 Kxb5 46. Rxe5+
Ka4 47. Rxe4+ Kxa3 48. f4 Kb3 49. Kf3 Kc3 50. h4 Kd3 51. h5 Rf7 52. Re6 Kd4 53.
Rd6+ Kc5 54. Rd2 Rg7 55. Ke4 Kc6 56. Ke5 Rg1 57. f5 Re1+ 58. Kf6 Rf1 59. Ke6
Re1+ 60. Kf7 Rh1 61. f6 Rxh5 62. Kg7 Rg5+ 63. Kxh7 Rg1 64. f7 Rh1+ 65. Kg7 Rg1+
66. Kf8 Kc7 67. Rd4 Rg2 68. Ke7 Re2+ 69. Kf6 Rf2+ 70. Ke6 Rf1 71. Rd5 Re1+ 72.
Re5 Rf1 73. Ke7 1-0

[Event "TCh-FRA Top 16 GpB 2023"]
[Site "Chartres FRA"]
[Date "2023.06.02"]
[Round "2.4"]
[Board "7"]
[White "Ruperez Benito, Antonio"]
[Black "Pelletier, Yannick"]
[Result "0-1"]
[WhiteTitle "FM"]
[BlackTitle "GM"]
[WhiteElo "2307"]
[BlackElo "2511"]
[WhiteTeam "Marseille Echecs"]
[BlackTeam "Asnieres Le Grand Echiquier"]
[WhiteFideId "22245049"]
[BlackFideId "1301837"]
[EventDate "2023.06.01"]

1. e4 e6 2. b3 d5 3. Bb2 Nc6 4. e5 d4 5. Nf3 Qd5 6. Qe2 b6 7. Na3 a6 8. c4 dxc3
9. dxc3 Bxa3 10. Bxa3 Bb7 11. Rd1 Qa5 12. Bb2 Nge7 13. a3 Rd8 14. Rxd8+ Nxd8 15.
b4 Qa4 16. g3 Bxf3 17. Qxf3 Qc2 18. Ba1 Qb1+ 19. Kd2 Qa2+ 20. Ke3 Nd5+ 21. Ke4
f5+ 22. exf6 O-O 23. c4 Nf7 24. Qg4 Qb1+ 25. Kd4 0-1

[Event "TCh-FRA Top 16 GpB 2023"]
[Site "Chartres FRA"]
[Date "2023.06.02"]
[Round "2.4"]
[Board "8"]
[White "Guichard, Pauline"]
[Black "Belluire, Beatrice"]
[Result "1/2-1/2"]
[WhiteTitle "IM"]
[WhiteElo "2395"]
[BlackElo "1985"]
[WhiteTeam "Asnieres Le Grand Echiquier"]
[BlackTeam "Marseille Echecs"]
[WhiteFideId "639370"]
[BlackFideId "26017296"]
[EventDate "2023.06.01"]

1. d4 d5 2. c4 e6 3. Nf3 a6 4. Bg5 Be7 5. Bxe7 Qxe7 6. Nbd2 Nf6 7. g3 b6 8. Bg2
Bb7 9. O-O O-O 10. Rc1 a5 11. cxd5 exd5 12. Nb1 c5 13. Nc3 Nbd7 14. Qd3 Rac8 15.
Rfd1 Rfd8 16. Qf5 h6 17. e3 g6 18. Qc2 Kg7 19. Bh3 Ne4 20. Qe2 f5 21. Nh4 Qf6
22. Bf1 g5 23. Nf3 Qf7 24. Bg2 Re8 25. Nxe4 fxe4 26. Nd2 c4 27. Rf1 b5 28. Bh3
Qe7 29. f3 exf3 30. Rxf3 Rf8 31. Bf5 Rce8 32. Rcf1 Nf6 33. g4 Bc6 34. R1f2 Bd7
35. Bxd7 Qxd7 36. Rf5 Qe6 37. Qf3 Qe7 38. h4 Ne4 39. Nxe4 dxe4 40. Qg3 Rxf5 41.
Rxf5 gxh4 42. Qf4 Qb4 43. Kg2 Qxb2+ 44. Kh3 Qb1 45. Rg5+ hxg5 46. Qxg5+ Kf7 47.
Qf5+ Ke7 48. Qe5+ Kd7 49. Qd5+ Kc7 50. Qc5+ Kd7 1/2-1/2

[Event "TCh-FRA Top 16 GpB 2023"]
[Site "Chartres FRA"]
[Date "2023.06.03"]
[Round "3.1"]
[Board "1"]
[White "Harikrishna, Pentala"]
[Black "Maghsoodloo, Parham"]
[Result "1/2-1/2"]
[WhiteTitle "GM"]
[BlackTitle "GM"]
[WhiteElo "2704"]
[BlackElo "2716"]
[WhiteTeam "Asnieres Le Grand Echiquier"]
[BlackTeam "Clichy Echecs 92"]
[WhiteFideId "5007003"]
[BlackFideId "12539929"]
[EventDate "2023.06.01"]

1. d4 Nf6 2. c4 e6 3. Nf3 d5 4. Nc3 Nbd7 5. Bg5 h6 6. Bh4 Be7 7. e3 O-O 8. Rc1
c6 9. a3 a5 10. Qc2 dxc4 11. Bxc4 Nd5 12. Bxe7 Qxe7 13. O-O Nxc3 14. Qxc3 b6 15.
e4 Bb7 16. Rfe1 Rfc8 17. Qd2 Rd8 18. Qf4 Rac8 19. h3 Nf6 20. Rcd1 Qc7 1/2-1/2